| 000 | 00672nam a2200229Ia 4500 | ||
|---|---|---|---|
| 003 | OSt | ||
| 005 | 20221007062311.0 | ||
| 006 | a|||||r|||| 00| 0 | ||
| 007 | ta | ||
| 008 | 221006b |||||||| |||| 00| 0 eng d | ||
| 024 | _a2,580 | ||
| 037 | _cTextual | ||
| 040 |
_aFLL _cFLL _beng |
||
| 041 |
_2eng _aeng |
||
| 082 | _aZ2:2675qN58:9, K5;5 | ||
| 100 |
_aIyengar T.R.S. Au. _9682563 |
||
| 245 | 0 | _aTrade and merchandise marks act, 1958 | |
| 260 |
_aAllahabad _bLaw Book Co. India _c1965 |
||
| 650 |
_aTrade and merchandise marks act 158 _9682564 |
||
| 942 |
_hZ2:2675qN58:9, K5;5 _cTEXL _2CC |
||
| 999 |
_c1128259 _d1128259 |
||